000 01132cam a22002891i 4500
003 SA-RiAUC
005 20250828072338.0
008 250824s2001 sy g 001 0 ara c
040 _aJO-AmJU
_bara
_cSA-RiAUC
_erda
043 _aaw-----
082 0 4 _a915.604
090 _a915.604
_bن د و
100 1 _aالندوي، علي الحسني،
_d1913-1999
_eمؤلف.
245 1 0 _aمذكرات سائح في الشرق العربي /
_cأبو الحسن علي الحسني الندوي ؛ تحقيق سيد عبد الماجد الغوري.
264 1 _aدمشق :
_bدار ابن كثير،
_c2001
300 _a375 صفحة؛
_c24 سم.
300 _a375 صفحة ؛
_c24 سم
336 _aنص
_btxt
_2rdacontent
_3كتاب
337 _aبدون وسيط
_bn
_2rdamedia
338 _aمجلد
_bnc
_2rdacarrier
500 _aغلاف بالألوان.
500 _aيشتمل على كشافات.
651 7 _aالشرق الأوسط
_xوصف ورحلات
_2aucsh
700 1 _aالغوري، سيد عبد الماجد،
_d1978-
_eمحقق.
942 _2ddc
_cBOOK
_n0
949 _aSA-JeALM
_d250824
_umohamedma123
_n1
999 _c11254
_d11254